| 000 | 00971aam a2200373 4500 | ||
|---|---|---|---|
| 005 | 20241010133611.0 | ||
| 008 | 150723b2005 ck ||||| |||| 00| 0 spa d | ||
| 020 | _a8448605225 | ||
| 041 | _aESP | ||
| 082 | _a611 G216a | ||
| 100 | _aGarcía Porrero, Juan A. | ||
| 100 |
_aHurlé, Juan M. _916175 |
||
| 245 | _aAnatomía humana | ||
| 260 | _aColombia | ||
| 260 | _bMcGraw-Hill | ||
| 260 | _c2005 | ||
| 300 | _a991 páginas | ||
| 300 | _bIlustraciones a color | ||
| 650 | _aANATOMÍA HUMANA | ||
| 650 | _aANEJOS CUTÁNEOS | ||
| 650 | _aEXTREMIDAD INFERIOR | ||
| 650 | _aSISTEMA DIGESTIVO | ||
| 650 | _aSISTEMA RESPIRATORIO | ||
| 650 | _aSISTEMA URINARIO | ||
| 650 | _aSISTEMA REPRODUCTOR | ||
| 650 | _aSISTEMA INMUNITARIO | ||
| 650 | _aSISTEMA ENDOCRINO | ||
| 650 | _aSISTEMA CIRCULATORIO | ||
| 650 | _aSISTEMA NERVIOSO | ||
| 650 | _aSISTEMA TOPOGRÁFICO | ||
| 650 | _aÓRGANOS DE LOS SENTIDOS | ||
| 942 |
_cBK _2ddc |
||
| 999 |
_c320 _d320 |
||